000
00318pam a2200133 a 4500
020
_c
041
_h
082
_a
770.9
_b
GUP
100
_a
Dr. Vijaya Gupchup.
245
_a
St. Thomas Cathedral Bombay
_h
Textual Documents
260
_a
[s.l]:
_b
Eminence Design Pvt. Ltd
300
_a
183:
_b
paper.
930
_a
4195
999
_c
237985
_d
237985